Karnatakant konkni sangit ani tantle prakar (Record no. 139309)

MARC details
000 -LEADER
fixed length control field 00535nam a2200217Ia 4500
008 - FIXED-LENGTH DATA ELEMENTS--GENERAL INFORMATION
fixed length control field 210210b2004 xxu||||| |||| 00| 0 eng d
041 ## - LANGUAGE CODE
Language code of text/sound track or separate title eng
082 ## - DEWEY DECIMAL CLASSIFICATION NUMBER
Classification number 891.468 REGK
100 ## - MAIN ENTRY--PERSONAL NAME
Personal name REGO ( El En)
245 ## - TITLE STATEMENT
Title Karnatakant konkni sangit ani tantle prakar
260 ## - PUBLICATION, DISTRIBUTION, ETC.
Place of publication, distribution, etc. Manglur
Name of publisher, distributor, etc. Karnataka Konkani Sahitya Akademy.
Date of publication, distribution, etc. 2004
300 ## - PHYSICAL DESCRIPTION
Extent 76
650 ## - SUBJECT ADDED ENTRY--TOPICAL TERM
Topical term or geographic name entry element tantle
650 ## - SUBJECT ADDED ENTRY--TOPICAL TERM
Topical term or geographic name entry element sangit
650 ## - SUBJECT ADDED ENTRY--TOPICAL TERM
Topical term or geographic name entry element prakar
650 ## - SUBJECT ADDED ENTRY--TOPICAL TERM
Topical term or geographic name entry element konkani
650 ## - SUBJECT ADDED ENTRY--TOPICAL TERM
Topical term or geographic name entry element Karnatakant
650 ## - SUBJECT ADDED ENTRY--TOPICAL TERM
Topical term or geographic name entry element ani
690 ## - LOCAL SUBJECT ADDED ENTRY--TOPICAL TERM (OCLC, RLIN)
Topical term or geographic name as entry element Konkani Miscellaneous
906 ## - LOCAL DATA ELEMENT F, LDF (RLIN)
a 064042
Holdings
Withdrawn status Lost status Damaged status Not for loan Collection code Home library Current library Shelving location Date acquired Source of acquisition Cost, normal purchase price Total Checkouts Full call number Barcode Date last seen Price effective from Koha item type
          St Aloysius Library St Aloysius Library   02/17/2021 Karnataka konkani sahithya akademi, manglur 20.00   891.468 REGK 064042 02/17/2021 02/17/2021 Book